000
00282nam a2200121Ia 4500
008
190216s9999||||xx |||||||||||||| ||und||
100
_a
Samuel Johnson
245
0
_a
Life Of Milton
260
_b
Macmillan India Ltd
_c
1989
300
_a
173p
650
_a
Autobiography
942
_c
BK
999
_c
13758
_d
13758